| 000 | 00432nam a2200181Ia 4500 | ||
|---|---|---|---|
| 003 | LK-CoDNM | ||
| 008 | 010623t1955 xxu||||| |||| 00| 1 eng d | ||
| 040 |
_aLK-CoDNM _dLK-CoDNM _eLK-CoDNM |
||
| 041 | _aeng | ||
| 080 | _aC 39 | ||
| 245 | _aCeylon Observer Pictorial,1955 | ||
| 260 |
_bObserver _aColombo _c1955 |
||
| 300 | _bill.pl., 30 cm | ||
| 650 | _aElephant Pass | ||
| 650 | _aGalle | ||
| 650 | _aRatnapura | ||
| 942 | _cBK | ||
| 999 |
_c103768 _d103768 |
||